00868nam a2200241Ia 450000100060000000300090000600800410001504000130005604000130006904100130008210000210009510000290011624500620014524500520020725000110025926000090027026000320027926000490031130000590036050001340041965000420055365000310059576897IT-RoPAU130308s9999 xx 000 0 und d aIT-RoPAU cIT-RoPAU aITALIANO aBellotto Massimo gCodice Aut. SPICS: 27161 aPossibili opzioni operative per l'efficacia del colloquio bTeoria e Prassi del Colloquio e dell'Intervista a1a ed. aROMA bLa Nuova Italia Scientifica c1989 [1° Ed.:1989 - Ed.Ling.Originale:1989] a"15 p. (prefazione: no ; testo: 15 [pagine: 229-243])" aPossibilità Tecnica e Deontologica Accorgimenti Circa Luogo e Tempo Accorgimenti Circa Linguaggio Corpo Condizioni di Efficacia aPEDAGOGIA DELLA COMUNICAZIONE SOCIALE eCodice materia Spics: 3804